000 00676nam a2200217Ia 4500
003 GCL
008 140319s9999 xx 000 0 ara d
020 _a3049283977
040 _aGCL /
_cGCL
082 0 4 _a863
_bب ا
100 1 _aبورخس ، خورخى لويس
245 1 0 _aالالف /
_cبورخس ، خورخى لويس
700 1 _aمحمد ابو عطا
250 _aالاولى
260 _aالقاهرة :
_bدار شرقيات للنشر ،
_c1998
300 _a227 ص ؛
_c18 سم
650 0 4 _aالادب الاسبانى
650 0 4 _aالقصص الاسبانية المترجمة
650 0 4 _aالقصص الاسبانية
942 _2ddc
_cBK
999 _c2880
_d2880